ՀՀ Գիտությունների ազգային ակադեմիայի հիմնարար գիտական գրադարան  =   Fundamental Scientific Library of NAS RA

История крестовых походов : (Record no. 538884)

MARC details
000 -LEADER
fixed length control field 00794nam a2200205 a 4500
001 - CONTROL NUMBER
control field 001139541
003 - CONTROL NUMBER IDENTIFIER
control field AM-YEHGA
005 - DATE AND TIME OF LATEST TRANSACTION
control field 20260409105029.0
008 - FIXED-LENGTH DATA ELEMENTS--GENERAL INFORMATION
fixed length control field 160404s1895 ru ab|||r|||||000|0|rus|d
040 ## - CATALOGING SOURCE
Original cataloging agency AM-YEHGA
Transcribing agency AM-YEHGA
041 1# - LANGUAGE CODE
Language code of text/sound track or separate title rus
Language code of original ger
100 1# - MAIN ENTRY--PERSONAL NAME
Personal name Куглер, Бернгард фон,
Dates associated with a name 1837-1898
245 10 - TITLE STATEMENT
Title История крестовых походов :
Remainder of title Пер. с нем. /
Statement of responsibility, etc. Бернгард Куглер.
260 ## - PUBLICATION, DISTRIBUTION, ETC.
Place of publication, distribution, etc. Санкт-Петербург :
Name of publisher, distributor, etc. Л.Ф. Пантелеев,
Date of publication, distribution, etc. 1895.
300 ## - PHYSICAL DESCRIPTION
Extent [2], VIII, 459 с., 1 л. карт. :
Other physical details карт., ил. ;
Dimensions 23.
500 ## - GENERAL NOTE
General note Посвящено Генриху Зибелю
504 ## - BIBLIOGRAPHY, ETC. NOTE
Bibliography, etc. note Библиогр. в примеч..
650 14 - SUBJECT ADDED ENTRY--TOPICAL TERM
Topical term or geographic name entry element Крестовые походы
General subdivision История
942 ## - ADDED ENTRY ELEMENTS (KOHA)
Source of classification or shelving scheme Universal Decimal Classification
Koha item type Գրքեր / Books
Holdings
Withdrawn status Lost status Damaged status Not for loan Collection Home library Current library Date acquired Total checkouts Full call number Barcode Date last seen Price effective from Koha item type Public note
        Kusikian Individual Collection Fundamental Scientific Library Fundamental Scientific Library 07/11/2025   Кус/5390 FL0698351 07/11/2025 04/12/2025 Գրքեր / Books ILL Non-Circ.


ՀՀ ԳԱԱ հիմնարար գիտական գրադարան
ՀՀ,Երևան 0019
Մարշալ Բաղրամյան 24/6
հեռախոս:(374-10) 52-47-50
Հետադարձ կապ

All site content, except where otherwise noted, is licensed under a
Creative Commons License